000 00934nam a2200253 a 4500
001 52827
003 BD-RjUL
005 20211209075851.0
008 160927s2006 bg a|||| |||| 00| 0 ben d
020 _a9840745238
_c: Tk. 115.00
035 _a(BD-RjUL)52947
040 _aBD-RjUL
_bben
_cBD-RjUL
041 _aben
082 _223
_a580.95492
_bKHB 2006
100 _aখানম, নূরুন্নাহার
_9157975
245 1 0 _aবাংলাদেশের গাছপালা /
_cনূরুন্নাহার খানম
260 _aঢাকা :
_bবাংলা একাডেমী,
_c২০০৬
300 _a১৬০ পৃ. :
_bচিত্র ;
_c২৩ সেমি.
490 _aবাএ ;
_v৪৫২৫
504 _aতথ্যপঞ্জি সংযুক্ত
650 _aগাছ
_xবাংলাদেশ
_9157976
650 _aPlant
_xBangladesh
_9157977
942 _2ddc
_cBK
999 _c52827
_d52827